|
003 -Nazwa inst., której nr kontr. jest w polu 001 [,]
|
-
- @
- Nazwa instytucji, której n kontrolny jest w polu 001
- NUKAT
|
|
005 -DATA I CZAS OSTATNIEJ MODYFIKACJI [,]
|
-
- @
- pole kontrolne
- 20241231112544.0
|
|
020 -Międzynarod. znormalizowany nr książki - ISBN [ , ]
|
-
- a
- Numer ISBN
- 9788362813759
|
|
040 -Instytucja sporządzająca opis [ , ]
|
-
- a
- Instytucja, która sporządziła opis (NP)
- WR U/PAd
-
- c
- Instytucja, która sporządziła rekord (NP)
- WR U/ml
-
- d
- Instytucja, która zmodyfikowała rekord (P)
- WR U/jm
-
- d
- Instytucja, która zmodyfikowała rekord (P)
- BSTOK U/AIs
-
- d
- Instytucja, która zmodyfikowała rekord (P)
- BSTOK U/WW
|
|
041 -Język dokumentu [0, ]
|
-
- a
- Język tekstu (P)
- polski
-
- b
- Język streszczeń lub abstraktu (P)
- eng
|
|
942 -Rodzaj dokumentu [ , ]
|
-
- c
- Rodzaj dokumentu
- Książka
|
|
245 -Strefa tytułu i oznaczenia odpowiedzialności [1,0]
|
-
- a
- Tytuł
- Ordynacja podatkowa :
-
- b
- Ciąg dalszy tytułu (NP)
- kierunkowe założenia nowej regulacji /
-
- c
- Pozostałe elementy strefy tytułu i oznaczenia odpowiedzialności (NP)
- autorzy: Leonard Etel, Stefan Babiarz, Rafał Dowgier, Hanna Filipczyk, Włodzimierz Gurba, Ireneusz Krawczyk, Wiesław Kuśnierz, Marcin Łoboda, Andrzej Nikończyk, Adam Nita, Agnieszka Olesińska, Piotr Pietrasz, Mariusz Popławski, Jan Rudowski, Dariusz Strzelec.
|
|
260 -Strefa adresu wydawniczego [ , ]
|
-
- a
- Miejsce wydania (P)
- Białystok :
-
- b
- Nazwa wydawcy (P)
- "Temida 2" Wydawnictwo Stowarzyszenia Absolwentów Wydziału Prawa Uniwersytetu w Białymstoku :
-
- b
- Nazwa wydawcy (P)
- przy współpr. Wydziału Prawa Uniwersytetu w Białymstoku,
-
|
|
080 -Uniwersalna Klasyfikacja Dziesiętna [ , ]
|
-
- 2
- Identyfikator wydania tablic
- UDC-P058
-
-
- a
- Symbol klasyfikacji
- 336.221.24
-
- b
- Dopowiedzenie
- Zasady i praktyka prawa podatkowego.
-
-
-
- c
- Dopowiedzenie poddz. wspólnego
- (Polska).
|
|
080 -Uniwersalna Klasyfikacja Dziesiętna [ , ]
|
-
- 2
- Identyfikator wydania tablic
- UDC-P058
-
-
- a
- Symbol klasyfikacji
- 346.62
-
- b
- Dopowiedzenie
- Przepisy dotyczące finansów i kredytów. Prawo kredytowe
-
-
-
- c
- Dopowiedzenie poddz. wspólnego
- (Polska).
|
|
650 -Hasło przedmiotowe [ ,7]
|
-
- a
- Hasło przedmiotowe
- Prawo podatkowe
-
- z
- Określnik geograficzny
- Polska
-
- y
- Określnik chronologiczny
- 1990-
-
- v
- Określnik formalny
- legislacja.
-
-
|
|
650 -Hasło przedmiotowe [ ,7]
|
-
- a
- Hasło przedmiotowe
- Prawo podatkowe
-
- x
- Określnik rzeczowy
- interpretacja
-
- z
- Określnik geograficzny
- Polska.
-
-
|
|
650 -Hasło przedmiotowe [ ,7]
|
-
- a
- Hasło przedmiotowe
- Administracja skarbowa
-
- z
- Określnik geograficzny
- Polska
-
- v
- Określnik formalny
- legislacja.
-
-
|
|
650 -Hasło przedmiotowe [ ,7]
|
-
- a
- Hasło przedmiotowe
- Administracja skarbowa
-
- x
- Określnik rzeczowy
- interpretacja
-
- z
- Określnik geograficzny
- Polska.
-
-
|
|
650 -Hasło przedmiotowe [ ,7]
|
-
- a
- Hasło przedmiotowe
- Postępowanie w sprawach podatkowych
-
- z
- Określnik geograficzny
- Polska
-
- v
- Określnik formalny
- legislacja.
-
-
|
|
650 -Hasło przedmiotowe [ ,7]
|
-
- a
- Hasło przedmiotowe
- Postępowanie w sprawach podatkowych
-
- x
- Określnik rzeczowy
- interpretacja
-
- z
- Określnik geograficzny
- Polska.
-
-
|
|
980 -Symbol UKD [ , ]
|
-
- a
- UKD
- 336.221.24:346.62](438)
|
|
700 -Hasło dodatkowe - nazwa osobowa [1, ]
|
-
- a
- Nazwa osobowa (NP)
- Babiarz, Stefan.
-
|
|
700 -Hasło dodatkowe - nazwa osobowa [1, ]
|
-
- a
- Nazwa osobowa (NP)
- Dowgier, Rafał.
-
|
|
700 -Hasło dodatkowe - nazwa osobowa [1, ]
|
-
- a
- Nazwa osobowa (NP)
- Filipczyk, Hanna.
-
|
|
700 -Hasło dodatkowe - nazwa osobowa [1, ]
|
-
- a
- Nazwa osobowa (NP)
- Gurba, Włodzimierz.
-
|
|
700 -Hasło dodatkowe - nazwa osobowa [1, ]
|
-
- a
- Nazwa osobowa (NP)
- Krawczyk, Ireneusz
-
- c
- Dopowiedzenie inne niż daty biograficzne (NP)
- (prawnik).
-
|
|
700 -Hasło dodatkowe - nazwa osobowa [1, ]
|
-
- a
- Nazwa osobowa (NP)
- Kuśnierz, Wiesław.
-
|
|
700 -Hasło dodatkowe - nazwa osobowa [1, ]
|
-
- a
- Nazwa osobowa (NP)
- Łoboda, Marcin.
-
|
|
700 -Hasło dodatkowe - nazwa osobowa [1, ]
|
-
- a
- Nazwa osobowa (NP)
- Nikończyk, Andrzej.
-
|
|
700 -Hasło dodatkowe - nazwa osobowa [1, ]
|
-
- a
- Nazwa osobowa (NP)
- Nita, Adam
-
- c
- Dopowiedzenie inne niż daty biograficzne (NP)
- (prawnik).
-
|
|
700 -Hasło dodatkowe - nazwa osobowa [1, ]
|
-
- a
- Nazwa osobowa (NP)
- Olesińska, Agnieszka
-
- d
- Daty biograficzne (NP)
- (1968- ).
-
|
|
700 -Hasło dodatkowe - nazwa osobowa [1, ]
|
-
- a
- Nazwa osobowa (NP)
- Pietrasz, Piotr.
-
|
|
700 -Hasło dodatkowe - nazwa osobowa [1, ]
|
-
- a
- Nazwa osobowa (NP)
- Popławski, Mariusz
-
- c
- Dopowiedzenie inne niż daty biograficzne (NP)
- (prawo).
-
|
|
700 -Hasło dodatkowe - nazwa osobowa [1, ]
|
-
- a
- Nazwa osobowa (NP)
- Rudowski, Jan
-
- c
- Dopowiedzenie inne niż daty biograficzne (NP)
- (prawo).
-
|
|
700 -Hasło dodatkowe - nazwa osobowa [1, ]
|
-
- a
- Nazwa osobowa (NP)
- Strzelec, Dariusz.
-
|
|
710 -Hasło dodatkowe - nazwa ciała zbiorowego [2, ]
|
-
- a
- Nazwa ciała zbiorowego lub nazwa geograficzna jako pierwszy element (NP)
- Uniwersytet (Białystok).
-
- b
- Nazwa jednostki podrzędnej (P)
- Stowarzyszenie Absolwentów Wydziału Prawa.
-
- b
- Nazwa jednostki podrzędnej (P)
- Wydawnictwo Temida 2.
-
-
|
|
710 -Hasło dodatkowe - nazwa ciała zbiorowego [2, ]
|
-
- a
- Nazwa ciała zbiorowego lub nazwa geograficzna jako pierwszy element (NP)
- Uniwersytet (Białystok).
-
- b
- Nazwa jednostki podrzędnej (P)
- Wydział Prawa.
-
-
|